000
00344 a2200157 4500
001
55982
020
_a
040
_c
Anchieta - Pituba
100
_a
César e Rodrigo
240
1
0
_a
1ª Inglês, III unidade
_l
por
245
1
0
_a
1ª Inglês, III unidade
300
_a
5
362
0
_a
2017
650
4
_a
Inglês e inglês antigo
942
_c
BK
999
_c
55982
_d
55982